000 00561nam a22002057a 4500
005 20250603091712.0
008 250227b |||||||| |||| 00| 0 eng d
020 _a978-81-944729-0-2
_cRs.499.00
040 _aLoreto College
041 _aEnglish
082 _a954
_bGOK
100 _aGokhale, Shanta
245 _aShivaji park
_bDadar: history,places,people
_cShanta Gokhale
260 _aNew Delhi
_bSpeaking tiger books llp
_c©2020
300 _a169p.
_b21cm.
504 _aIncludes bibliography
650 _aHistory
850 _aLCLIB
942 _cBK
999 _c43918
_d94397